| 000 | 00852cam a2200181 i 4500 | ||
|---|---|---|---|
| 005 | 20260125091737.0 | ||
| 008 | 250721s2024 ue gr 000 0 ara d | ||
| 020 | _a9789779402512 | ||
| 082 | 1 | 4 |
_a346.015 _bم و ا |
| 100 | 1 |
_aموافي، احمد _eمؤلف. |
|
| 245 | 1 | 0 |
_aمجموعة اجراءات التقاضي امام محكمة الاسرة : _bالحقوق المتعلقة بالصغار (حضانة الصغير-الرؤية- الاستضافة- مسكن الحضانة الولاية على التصرفات- الولاية التعليمية-) / _cالمستشار احمد محمود موافي. |
| 250 | _aطبعة مزيدة ومنقحة. | ||
| 264 | 3 |
_aالقاهرة : _bدار الاهرام، _c2024. |
|
| 300 | _a702 صفحة. | ||
| 650 | 1 | 7 | _aقانون الاسرة. |
| 942 |
_2ddc _cBK |
||
| 999 |
_c146566 _d146566 |
||